JOURNAL OF CAPITAL DEVELOPMENT IN BEHAVIOURAL SCIENCES (Record no. 37246)
[ view plain ]
| 000 -LEADER | |
|---|---|
| fixed length control field | 00363nam a2200133Ia 4500 |
| 022 ## - INTERNATIONAL STANDARD SERIAL NUMBER | |
| ISSN | 2354-3981 |
| 050 ## - CALL MARK | |
| Classification number | HD38 .J68/ |
| 245 ## - TITLE STATEMENT | |
| Title | JOURNAL OF CAPITAL DEVELOPMENT IN BEHAVIOURAL SCIENCES |
| 250 ## - EDITION / VOLUME STATEMENT | |
| Edition / Volume statement | Vol. 12, No. 1 |
| 260 ## - PUBLICATION, DISTRIBUTION, ETC. (IMPRINT) | |
| Place of publication | Ibadan Oyo State |
| Name of publisher | Faculty of Education |
| Year of publication | 2024 |
| 300 ## - PHYSICAL DESCRIPTION | |
| Number of Pages | vii, ill.: 24 cm. |
| 942 ## - ADDED ENTRY ELEMENTS (KOHA) | |
| Koha item type | Serials |
| Source of classification | Library of Congress Classification |
No items available.